Art škôlka
Uložené v:
| Hlavný autor: | |
|---|---|
| Ďalší autori: | |
| Médium: | Rukopis Kniha |
| Jazyk: | Slovak |
| Vydavateľské údaje: |
Bratislava
2017
|
| Predmet: | |
| On-line prístup: | http://is.stuba.sk/zp/portal_zp.pl?podrobnosti=111986 |
| Tagy: |
Žiadne tagy, Buďte prvý, kto otaguje tento záznam!
|
MARC
| LEADER | 00000ntm a22000003a 4500 | ||
|---|---|---|---|
| 001 | stuzp63830 | ||
| 003 | SK-STU | ||
| 005 | 20210201083335.9 | ||
| 007 | ta | ||
| 008 | 150427s2015----xo-----f-mn---000-0-slo-d | ||
| 040 | |a STU |b slo | ||
| 041 | 0 | |a slo | |
| 100 | 1 | |a Tužinský, Pavol |u 054140 |4 aut |U FAD Fakulta architektúry |T FA Ústav konštrukcií v architektúre a inžinierskych stavieb |X 65407 |U A4140 |Y 395 |7 65407 | |
| 242 | 0 | 1 | |a Kindergarten of Art |y eng |
| 245 | 1 | 0 | |a Art škôlka |
| 260 | |c 2017 |a Bratislava | ||
| 650 | 4 | |a Chorvástske rameno |2 slo | |
| 650 | 4 | |a Petržalka |2 slo | |
| 650 | 4 | |a Art škôlka |2 slo | |
| 650 | 4 | |a Bratislava |2 slo | |
| 650 | 4 | |a Art kindergarten |2 eng | |
| 650 | 4 | |a Bratislava |2 eng | |
| 650 | 4 | |a Petržalka |2 eng | |
| 650 | 4 | |a Croatian distributary |2 eng | |
| 700 | 1 | |a Maciak, Andrej |u 054140 |k Z8 |4 ths |U FAD Fakulta architektúry |T FA Ústav konštrukcií v architektúre a inžinierskych stavieb |X 18828 |U A4140 |Y 395 |7 A000018828 | |
| 856 | 4 | |u http://is.stuba.sk/zp/portal_zp.pl?podrobnosti=111986 |u https://opac.crzp.sk/?fn=detailBiblioForm&sid=85D30AFD35884905499ABD4E20A9 | |